Ali Amjad (1924-2005): A forgotten communist activist and writer (Record no. 523812)
[ view plain ]
| 000 -LEADER | |
|---|---|
| fixed length control field | 00373nam a22001217a 4500 |
| 008 - FIXED-LENGTH DATA ELEMENTS--GENERAL INFORMATION | |
| fixed length control field | 230927b ||||| |||| 00| 0 eng d |
| 100 ## - MAIN ENTRY--PERSONAL NAME | |
| Personal name | Ganie, Mohd Hussain |
| 245 ## - TITLE STATEMENT | |
| Title | Ali Amjad (1924-2005): A forgotten communist activist and writer |
| 260 ## - PUBLICATION, DISTRIBUTION, ETC. (IMPRINT) | |
| Place of publication, distribution, etc | Social Scientist |
| 300 ## - PHYSICAL DESCRIPTION | |
| Extent | 51(5-6), May-Jun, 2023: p.53-68 |
| 773 ## - HOST ITEM ENTRY | |
| Main entry heading | Social Scientist |
| 942 ## - ADDED ENTRY ELEMENTS (KOHA) | |
| Item type | Articles |
| Withdrawn status | Lost status | Source of classification or shelving scheme | Damaged status | Not for loan | Permanent location | Current location | Date acquired | Serial Enumeration / chronology | Barcode | Date last seen | Koha item type |
|---|---|---|---|---|---|---|---|---|---|---|---|
| Indian Institute of Public Administration | Indian Institute of Public Administration | 2023-09-27 | 51(5-6), May-Jun, 2023: p.53-68 | AR129710 | 2023-09-27 | Articles |
